Materiales dentales / (Registro nro. 1778)
[ vista simple ]
| 000 -CABECERA | |
|---|---|
| campo de control de longitud fija | 00850nam a2200253Ia 4500 |
| 003 - IDENTIFICADOR DEL NÚMERO DE CONTROL | |
| campo de control | AR-RoIUNI |
| 005 - FECHA Y HORA DE LA ÚLTIMA TRANSACCIÓN | |
| campo de control | 20241122062915.0 |
| 007 - CAMPO FIJO DE DESCRIPCIÓN FÍSICA--INFORMACIÓN GENERAL | |
| campo de control de longitud fija | ta |
| 008 - DATOS DE LONGITUD FIJA--INFORMACIÓN GENERAL | |
| campo de control de longitud fija | 150616s2007 ag r 000 0 spa d |
| 020 ## - NÚMERO INTERNACIONAL ESTÁNDAR DEL LIBRO | |
| Número Internacional Estándar del Libro | 9789500615839 |
| 040 ## - FUENTE DE LA CATALOGACIÓN | |
| Centro/agencia transcriptor | AR-RoIUNI |
| Lengua de catalogación | spa |
| Normas de descripción | aarc2 |
| 080 ## - NÚMERO DE LA CLASIFICACIÓN DECIMAL UNIVERSAL | |
| Número de la Clasificación Decimal Universal | 616.314-7 |
| 100 1# - ENTRADA PRINCIPAL--NOMBRE DE PERSONA | |
| Nombre de persona | Macchi, Ricardo Luis. |
| 245 10 - MENCIÓN DE TÍTULO | |
| Título | Materiales dentales / |
| Mención de responsabilidad, etc. | Ricardo Luis Macchi. |
| 250 ## - MENCIÓN DE EDICIÓN | |
| Mención de edición | 4a. ed. |
| 260 ## - PUBLICACIÓN, DISTRIBUCIÓN, ETC. (PIE DE IMPRENTA) | |
| Lugar de publicación, distribución, etc. | Buenos Aires : |
| Nombre del editor, distribuidor, etc. | Médica Panamericana, |
| Fecha de publicación, distribución, etc. | c2007. |
| 300 ## - DESCRIPCIÓN FÍSICA | |
| Extensión | XIV, 406 p. : |
| Otras características físicas | il. ; |
| Dimensiones | 24 cm |
| 504 ## - NOTA DE BIBLIOGRAFÍA, ETC. | |
| Bibliografía, etc. | Incluye bibliografía e índice. |
| 505 0# - NOTA DE CONTENIDO CON FORMATO | |
| Nota de contenido con formato | Sección I. Fundamentos -- Sección II. Restauraciones plásticas -- Sección III. Impresiones y modelos -- Sección IV. Incrustaciones, coronas y puentes -- Sección V. Otras aplicaciones. |
| 650 #0 - PUNTO DE ACCESO ADICIONAL DE MATERIA--TÉRMINO DE MATERIA | |
| Término de materia o nombre geográfico como elemento inicial | Odontología |
| 9 (RLIN) | 546 |
| 650 #4 - PUNTO DE ACCESO ADICIONAL DE MATERIA--TÉRMINO DE MATERIA | |
| Término de materia o nombre geográfico como elemento inicial | MATERIALES DENTALES |
| 650 #4 - PUNTO DE ACCESO ADICIONAL DE MATERIA--TÉRMINO DE MATERIA | |
| Término de materia o nombre geográfico como elemento inicial | OPERATORIA DENTAL |
| 942 ## - ELEMENTOS DE PUNTO DE ACCESO ADICIONAL (KOHA) | |
| Tipo de ítem Koha | Libros |
| Fuente del sistema de clasificación o colocación | Clasificación Decimal Universal |
| Estado de retiro | Estado de pérdida | Fuente del sistema de clasificación o colocación | Estado dañado | Excepción de préstamo | Código de colección | Localización permanente | Ubicación/localización actual | Ubicación en estantería | Fecha de adquisición | Número de inventario | Total de préstamos | Renovaciones totales | Signatura topográfica completa | Código de barras | Fecha visto por última vez | Fecha del último préstamo | Número de copia | Precio válido a partir de | Tipo de ítem Koha |
|---|---|---|---|---|---|---|---|---|---|---|---|---|---|---|---|---|---|---|---|
| Clasificación Decimal Universal | Odontología | BIBLIOTECA RIOBAMBA | BIBLIOTECA RIOBAMBA | BIBLIOTECA RIOBAMBA | 16/06/2015 | 1779 | 23 | 10 | 616.314-7 MAC | 1779 | 10/04/2026 | 05/09/2024 | 4 | 16/06/2015 | Libros | ||||
| Clasificación Decimal Universal | Odontología | BIBLIOTECA RIOBAMBA | BIBLIOTECA RIOBAMBA | BIBLIOTECA RIOBAMBA | 26/08/2015 | 2901 | 16 | 9 | 616.314-7 MAC | 2901 | 30/03/2026 | 02/08/2019 | 1 | 26/08/2015 | Libros | ||||
| Clasificación Decimal Universal | Odontología | BIBLIOTECA RIOBAMBA | BIBLIOTECA RIOBAMBA | BIBLIOTECA RIOBAMBA | 26/08/2015 | 2902 | 11 | 12 | 616.314-7 MAC | 2902 | 13/08/2024 | 11/10/2019 | 3 | 26/08/2015 | Libros | ||||
| Clasificación Decimal Universal | Odontología | BIBLIOTECA RIOBAMBA | BIBLIOTECA RIOBAMBA | BIBLIOTECA RIOBAMBA | 26/08/2015 | 2903 | 23 | 12 | 616.314-7 MAC | 2903 | 13/08/2024 | 02/11/2023 | 2 | 26/08/2015 | Libros |

